00685nam a22002177a 45000010005000000030006000050050017000110080041000280200015000690400029000840500008001131000021001212450115001422600050002573000043003074900027003505050008003775210029003855210020004147000033004349676FISKH20260129092554.0260129b cb ||||| |||| 00| 0 eng d a1880892596 aFISKHbengcFISKHdFISKH aPZ7 aStrayer , Debbie aJack and Stan :cWritten by Debbie Strayer : Illustrations by Joy MajewskibSuccessful Reading for Beginners / aMelrose , FL :bCommon Sense Press , c1998 . a10 pages : billustrations ; c21 cm . aBridge Reader vBook 3 aD 8 a160 bLexile estimate 8 aD bRaz-Plus  aMajewski , JoyeIllustrator